Good Lord, where are You?: (Record no. 6182)
[ view plain ]
| 000 -LEADER | |
|---|---|
| fixed length control field | 00725cam a22002291 4500 |
| 001 - CONTROL NUMBER | |
| control field | 1227240 |
| 003 - CONTROL NUMBER IDENTIFIER | |
| control field | GBCCL |
| 005 - DATE AND TIME OF LATEST TRANSACTION | |
| control field | 20241126110557.0 |
| 008 - FIXED-LENGTH DATA ELEMENTS--GENERAL INFORMATION | |
| fixed length control field | 791005s1967 mou 000 0 eng |
| 010 ## - | |
| -- | 67017974 |
| 040 ## - CATALOGING SOURCE | |
| Original cataloging agency | DLC |
| Transcribing agency | DLC |
| Modifying agency | DLC |
| 050 00 - | |
| -- | BS1424 |
| -- | .B7 |
| 082 00 - DEWEY DECIMAL CLASSIFICATION NUMBER | |
| Classification number | 223.2 |
| Item number | BRA |
| 100 1# - MAIN ENTRY--PERSONAL NAME | |
| Personal name | Brandt, Leslie F. |
| 9 (RLIN) | 7319 |
| 245 10 - TITLE STATEMENT | |
| Title | Good Lord, where are You?: |
| Remainder of title | Prayers for the 20th century based on the Psalms / |
| Statement of responsibility, etc. | [by] Leslie F. Brandt. |
| 260 ## - PUBLICATION, DISTRIBUTION, ETC. | |
| Place of publication, distribution, etc. | St. Louis: |
| Name of publisher, distributor, etc. | Concordia Pub. House, |
| Date of publication, distribution, etc. | [1967] |
| 300 ## - PHYSICAL DESCRIPTION | |
| Extent | 66 p.; |
| Dimensions | 20 cm. |
| 650 ## - SUBJECT ADDED ENTRY--TOPICAL TERM | |
| Topical term or geographic name entry element | Psalms |
| General subdivision | Prayers |
| 9 (RLIN) | 11112 |
| 730 02 - | |
| -- | Bible. |
| -- | Psalms. |
| -- | English. |
| -- | Paraphrases. |
| -- | 1967. |
| -- | 11113 |
| 906 ## - LOCAL DATA ELEMENT F, LDF (RLIN) | |
| a | 7 |
| b | cbc |
| c | orignew |
| d | u |
| e | ocip |
| f | 19 |
| g | y-gencatlg |
| 942 ## - ADDED ENTRY ELEMENTS (KOHA) | |
| Source of classification or shelving scheme | Dewey Decimal Classification |
| Koha item type | Books |
| Withdrawn status | Lost status | Source of classification or shelving scheme | Damaged status | Not for loan | Home library | Current Library | Shelving location | Date acquired | Total checkouts | Full call number | Barcode | Date last seen | Copy number | Price effective from | Koha item type |
|---|---|---|---|---|---|---|---|---|---|---|---|---|---|---|---|
| Dewey Decimal Classification | GRACE BIBLE COLLEGE | GRACE BIBLE COLLEGE | Biblical Studies | 2018-05-03 | 223.2 BRA | 003565 | 2025-05-01 | c.1 | 2018-05-03 | Books |